Fast Typing 1-20 - Statistics

General Stats
  • This quiz has been taken 341 times
  • The average score is 19 of 20
Answer Stats
# Answer % Correct
# 1
100%
# 2
99%
# 3
99%
# 4
99%
# 5
99%
# 7
99%
# 8
99%
# 9
99%
# 10
98%
# 6
98%
# 11
96%
# 12
96%
# 13
96%
# 14
95%
# 15
95%
# 16
95%
# 17
92%
# 18
92%
# 19
91%
# 20
90%
No matching quizzes found
Score Distribution
Percent of People with Each Score
Percentile by Number Answered
Your Score History
You have not taken this quiz